000 00454nam a2200181Ia 4500
001 18513
005 20260306171636.0
008 260306s9999||||xx |||||||||||||| ||und||
041 _aESP
082 _a658.406
_bS29
100 _aSchneider, Ben
_eAUT
245 0 _aOutsourcing:
_bla herramienta de gestón que revoluciona el mundo de los negocios
260 _c2004
300 _a
_c
650 _aGEN
654 _aCAN
942 _cLIB
_dJUS
_fJUS
_2ddc
_n
999 _c18513
_d18513